Tapas: A Spanish interludeQuébec 1999
Đã lưu trong:
| Hovedforfatter: | |
|---|---|
| Format: | Bog |
| Sprog: | Undetermined |
| Udgivet: |
Québec, Canada
Shoreline
1994
|
| Fag: | |
| Tags: |
Tilføj Tag
Ingen Tags, Vær først til at tagge denne postø!
|
| Thư viện lưu trữ: | Trung tâm Học liệu Trường Đại học Cần Thơ |
|---|
| LEADER | 00538nam a2200193Ia 4500 | ||
|---|---|---|---|
| 001 | CTU_41265 | ||
| 008 | 210402s9999 xx 000 0 und d | ||
| 082 | |a 946.083 | ||
| 082 | |b D728 | ||
| 100 | |a Eugénie Doucet | ||
| 245 | 0 | |a Tapas: A Spanish interludeQuébec 1999 | |
| 245 | 0 | |c Eugénie Doucet | |
| 260 | |a Québec, Canada | ||
| 260 | |b Shoreline | ||
| 260 | |c 1994 | ||
| 650 | |a spain,spain | ||
| 650 | |x biography,social life and customs | ||
| 904 | |i Minh, 010517 | ||
| 980 | |a Trung tâm Học liệu Trường Đại học Cần Thơ | ||